| 000 | 00849nam a2200277Ia 4500 | ||
|---|---|---|---|
| 001 | Para_3611 | ||
| 003 | CHAP | ||
| 008 | 220125s1949 xx 000 0 und d | ||
| 010 | _a202143 | ||
| 040 | _cCHAP | ||
| 090 | _aPA FOLLETO 1210 | ||
| 100 |
_aBruner, D. W _915774 |
||
| 245 |
_aThe ballerup group of paracolon bacteria / _c by D. W. Bruner, P. R. Edwards, Alice S. Hopson |
||
| 260 |
_aLexington, Kentucky : _b Agricultural Experiment Station |
||
| 300 | _a20 p. | ||
| 440 |
_aKentucky. Agri. Exp. Sta., Bull.; 543 _9167185 |
||
| 650 |
_aSalmonella Bacterias patógenas _9167186 |
||
| 700 |
_aEdwards, P. R. Hopson, Alice S. _9167187 |
||
| 901 | _aPA FOLLETO 1210 | ||
| 902 | _aA | ||
| 905 | _a0000001949 LEX 0000000000 00 | ||
| 910 | _a1949 | ||
| 942 | _cPARA | ||
| 942 |
_cPARA _d1 |
||
| 999 |
_c202143 _d202143 |
||